Berühmte Bayern-München-Fußballer nach Bild - Statistiken

Allgemein
  • Dieses Quiz wurde 2.329 mal gespielt
  • Das Durchschnittsergebnis liegt bei 26 aus 30
Antwortstatistiken
Bildquiz Antwort % Korrekt
Harry Kane
98%
Joshua Kimmich
98%
Manuel Neuer
98%
Gerd Müller
97%
Robert Lewandowski
97%
Thomas Müller
97%
Philipp Lahm
96%
Arjen Robben
95%
Franck Ribéry
95%
Bastian Schweinsteiger
93%
Jamal Musiala
93%
Leroy Sané
93%
Mats Hummels
93%
Oliver Kahn
91%
Serge Gnabry
91%
David Alaba
90%
Miroslav Klose
90%
Toni Kroos
89%
Xabi Alonso
88%
Kingsley Coman
87%
Mario Gomez
85%
Michael Ballack
85%
Lothar Matthäus
83%
Alphonso Davies
82%
Matthijs de Ligt
76%
Stefan Effenberg
69%
Franz Beckenbauer
68%
Mario Mandžukić
66%
Lúcio
52%
Bixente Lizarazu
33%
Keine übereinstimmenden Quizze gefunden
Verteilung der Resultate
Anzahl Personen mit jedem Resultat
Perzentil nach korrekt beantworteten Fragen
Ihre Resultats-Entwicklung
Sie haben dieses Quiz noch nicht gespielt